| 000 | 00636nam a2200193 a 4500 | ||
|---|---|---|---|
| 005 | 20140412111337.0 | ||
| 008 | 050418s19uu xx 00 eng d | ||
| 020 | _a0-02-830939-1 | ||
| 050 |
_aBB _bTh32 2000 |
||
| 100 | _aAdams, Marilyn Jager | ||
| 245 |
_aThings that go / _cby Marilyn Jager Adams, et al. |
||
| 260 |
_aColumbus, Ohio : _bSRA/McGraw-Hill, _c2000. |
||
| 300 | _a48 p. ; ill. | ||
| 440 | _aSRA Open Court Reading | ||
| 500 | _aContents: I go with my family to grandma's--Song of the train--On the go--Trucks (Camiones). | ||
| 650 | _aCollection of short stories | ||
| 650 | _aChildren stories | ||
| 999 |
_c105049 _d105049 |
||